000 00586cam a22002053a 4500
001 38561
003 PGUSA
005 20140828083842.0
008 120113s2012||||xxu|||||s|||||000 | eng d
040 _aPGUSA
_beng
042 _adc
100 1 _aLawrence, D. H.
_q(David Herbert),
_d1885-1930
245 1 4 _aThe White Peacock
_h[electronic resource] /
_cD. H. Lawrence
260 _bProject Gutenberg,
_c2012
506 _aPublic domain in the USA.
516 _aElectronic text
830 0 _aProject Gutenberg
_v38561
856 4 0 _uhttp://www.gutenberg.org/ebooks/38561
942 _cEB
999 _c267815
_d267815